000
00326nam a22001457a 4500
008
210301b ||||| |||| 00| 0 eng d
020
_a
9780072977356
041
_a
eng
080
_2
6th
_a
336
082
_a
336
100
_a
56
101
_a
FIN
245
_a
Advanced Financial Accounting
_c
Baker, R. E
942
_2
udc
_c
BK
999
_c
55335
_d
55335